| 000 | 00638nam a22002057a 4500 | ||
|---|---|---|---|
| 005 | 20251108171932.0 | ||
| 008 | 250721s1988 xx 000 0 ara d | ||
| 082 | 1 | 4 | _a128.3/داك |
| 100 | 1 | _aداكو، بيير | |
| 245 | 1 | 0 | _aالإرادة و فن الحياة / |
| 264 | 1 |
_aبغداد : _bدار التربية، _c1988. |
|
| 300 | _a94ص | ||
| 490 | 0 | _aالإنتصارات المذهلة لعلم النفس الحديث ، 6 | |
| 650 | 1 | 7 | _aالإرادة |
| 650 | 1 | 7 | _aالنجاح |
| 700 | 1 |
_aإسكندر، رعد _eترجمة |
|
| 700 | 1 |
_aبيتون، أركان _eترجمة |
|
| 942 |
_2ddc _cBK |
||
| 999 |
_c66339 _d66339 |
||